Hoa Lư được dự kiến xếp vào danh mục di sản văn hoá thế giới /

Bewaard in:
Bibliografische gegevens
Hoofdauteur: Đặng Văn Bài.
Formaat: Artikel
Taal:Vietnamese
Onderwerpen:
Tags: Voeg label toe
Geen labels, Wees de eerste die dit record labelt!
Thư viện lưu trữ: Thư viện Trường Đại học Đà Lạt
LEADER 00748nam a2200253 4500
001 DLU090102186
005 ##20091202
040 # # |a DLU  |b vie 
041 # # |a vie 
044 # # |a vn 
100 # # |a Đặng Văn Bài. 
245 # # |a Hoa Lư được dự kiến xếp vào danh mục di sản văn hoá thế giới /  |c Đặng Văn Bài. 
653 # # |a Di sản văn hoá 
653 # # |a Hoa Lư, Ninh Bình 
773 # # |t Văn hoá Nghệ thuật  |g Số 5, 1990, tr. 39 
920 # # |a Phòng Tạp chí -- Trung tâm Thông tin - Thư viện Trường Đại học Đà Lạt 
994 # # |a DLU 
900 # # |a True 
911 # # |a Đào Thị Thu Huyền 
925 # # |a G 
926 # # |a A 
927 # # |a BB 
980 # # |a Thư viện Trường Đại học Đà Lạt